[Event "ch-ISL"]
[Site "Seltjarnarnes ISL"]
[Date "2002.08.24"]
[Round "5"]
[White "Bjornsson,S"]
[Black "Gunnarsson,Arn"]
[Result "0-1"]
[WhiteElo "2357"]
[BlackElo "2282"]
[EventDate "2002.08.20"]

1. e4 e5 2. Nf3 Nf6 3. Nxe5 d6 4. Nf3 Nxe4 5. d4 d5 6. Bd3 Nc6 7. O-O Be7
8. c4 Nb4 9. Be2 c6 10. a3 Na6 11. Nc3 Nc7 12. Qc2 Nf6 13. c5 Bg4 14. b4
O-O 15. Be3 Ne6 16. Rab1 a6 17. a4 Nd7 18. Ng5 Bxg5 19. Bxg4 g6 20. Bf3 Re8
21. b5 axb5 22. axb5 Nf6 23. bxc6 bxc6 24. Rb6 Qd7 25. Qb3 Bxe3 26. fxe3
Ng5 27. Be2 Qe6 28. Kh1 Qxe3 29. Rxf6 Ra1+ 30. Rf1 Rxf1+ 31. Bxf1 Qf2 32.
Qd1 Re1 0-1

[Event "ch-ISL"]
[Site "Seltjarnarnes ISL"]
[Date "2002.08.25"]
[Round "6"]
[White "Stefansson,H"]
[Black "Thorfinnsson,Bj"]
[Result "1-0"]
[WhiteElo "2588"]
[BlackElo "2314"]
[EventDate "2002.08.20"]

1. e4 e5 2. Nf3 Nc6 3. Bb5 a6 4. Ba4 Nf6 5. O-O b5 6. Bb3 Bb7 7. Re1 Bc5 8.
c3 d6 9. d4 Bb6 10. Be3 h6 11. h3 O-O 12. Nbd2 Re8 13. Qb1 Na5 14. Bc2 c5
15. d5 Bc8 16. b4 Nb7 17. a4 Bd7 18. Ra3 g5 19. Nh2 Nh5 20. Bd1 Nf4 21. Bg4
Kg7 22. Ndf1 bxa4 23. Bxd7 Qxd7 24. Ng3 cxb4 25. cxb4 Qb5 26. Nf5+ Kg6 27.
Bxf4 gxf4 28. g3 a5 29. Qd1 h5 30. gxf4 exf4 31. Kh1 Qxb4 32. Rxa4 1-0

[Event "ch-ISL"]
[Site "Seltjarnarnes ISL"]
[Date "2002.08.25"]
[Round "6"]
[White "Bjarnason,S"]
[Black "Gunnarsson,J"]
[Result "0-1"]
[WhiteElo "2264"]
[BlackElo "2357"]
[EventDate "2002.08.20"]

1. d4 Nf6 2. c4 c5 3. e3 g6 4. Nf3 Bg7 5. Nc3 O-O 6. Be2 cxd4 7. exd4 d5 8.
cxd5 Nxd5 9. O-O Nc6 10. Qb3 Be6 11. Qxb7 Nxd4 12. Nxd4 Bxd4 13. Bh6 Rb8
14. Qa6 Rxb2 15. Nxd5 Bxd5 16. Bxf8 Kxf8 17. Rac1 Kg7 18. Bc4 Bxg2 19. Kxg2
Qa8+ 20. Kg3 Be5+ 0-1

[Event "ch-ISL"]
[Site "Seltjarnarnes ISL"]
[Date "2002.08.25"]
[Round "6"]
[White "Thorarinsson,P"]
[Black "Gretarsson,H"]
[Result "0-1"]
[WhiteElo "2281"]
[BlackElo "2505"]
[EventDate "2002.08.20"]

1. c4 Nf6 2. Nc3 e5 3. Nf3 Nc6 4. g3 Bb4 5. Bg2 O-O 6. O-O Re8 7. Nd5 a5 8.
d3 Nxd5 9. cxd5 Nd4 10. Nd2 c6 11. e3 Nf5 12. Qf3 Ne7 13. dxc6 dxc6 14. Qe2
Nd5 15. Nc4 Bf8 16. e4 Nb4 17. Rd1 b5 18. Ne3 Be6 19. b3 Ra7 20. Bb2 Rd7
21. Bxe5 Nxd3 22. Bc7 Qxc7 23. Rxd3 Rxd3 24. Qxd3 Rd8 25. Qc2 Qe5 26. Rc1
g6 27. Qxc6 Rc8 28. Qxc8 Bxc8 29. Rxc8 Qa1+ 30. Bf1 Qxa2 31. Bxb5 Qxb3 32.
Bc6 Qe6 33. Bb7 Qd7 34. Ba6 Kg7 35. Nd5 Qe6 36. f3 Qxa6 0-1

[Event "ch-ISL"]
[Site "Seltjarnarnes ISL"]
[Date "2002.08.25"]
[Round "6"]
[White "Gunnarsson,Arn"]
[Black "Vidarsson,J"]
[Result "1/2-1/2"]
[WhiteElo "2282"]
[BlackElo "2378"]
[EventDate "2002.08.20"]

1. d4 b6 2. Nf3 Bb7 3. Bg5 Nf6 4. Nbd2 c5 5. e3 e6 6. Bd3 Be7 7. O-O O-O 8.
c3 Ba6 9. Bxa6 Nxa6 10. Ne5 Nc7 11. f4 Nfd5 12. Bxe7 Qxe7 13. Rf3 d6 14.
Nd3 f5 15. Qe2 Qd7 16. dxc5 bxc5 17. e4 Nb6 18. c4 Qc6 19. b3 a5 20. a4 Nd7
21. Rc1 Rae8 22. Re3 Qb6 23. e5 d5 24. Rh3 Rf7 25. Qf2 Na6 26. Qf3 Nc7 27.
Qf2 Na6 28. Qf3 Nc7 29. Kh1 Rb8 30. Qf2 Na6 31. Ne1 Nb4 32. Nb1 Qc6 33. Na3
d4 34. Nb5 Nf8 35. Nd3 Nxd3 36. Rxd3 Ng6 37. Re1 Ra8 38. Kg1 Ne7 39. Nd6
Rff8 40. Rh3 Ng6 41. Qg3 Rfd8 42. Nb5 Rd7 43. Qf2 Rad8 44. Rd3 Ra8 45. Re2
1/2-1/2

[Event "ch-ISL"]
[Site "Seltjarnarnes ISL"]
[Date "2002.08.25"]
[Round "6"]
[White "Thorfinnsson,Br"]
[Black "Kristjansson,S"]
[Result "0-1"]
[WhiteElo "2362"]
[BlackElo "2428"]
[EventDate "2002.08.20"]

1. d4 e6 2. c4 Nf6 3. Nf3 b6 4. a3 c5 5. Nc3 cxd4 6. Nxd4 d6 7. Bg5 a6 8.
e4 Bb7 9. Be2 Nbd7 10. O-O Be7 11. Re1 O-O 12. Bf1 Rc8 13. f4 h6 14. Bh4
Nxe4 15. Bxe7 Nxc3 16. bxc3 Qxe7 17. Nf5 Qf6 18. Nxd6 Rc7 19. Nxb7 Rxb7 20.
Qd4 Rd8 21. Rad1 Rbb8 22. Qxf6 Nxf6 23. Rd4 Kf8 24. Rb1 Ke7 25. Rxd8 Kxd8
26. c5 Kc7 27. Bxa6 bxc5 28. Rxb8 Kxb8 29. c4 Ne4 30. Kf1 Ka7 31. Bb5 Kb6
32. a4 Ka5 33. Ke2 Kb4 34. Kd3 Nd6 35. g4 g5 36. fxg5 hxg5 37. h3 f6 38.
Bd7 Nxc4 39. Bxe6 Nd6 40. Bd7 c4+ 41. Kc2 Nb7 42. Bc6 Nc5 43. Kd2 Nxa4 44.
Be4 Kc5 45. Ke3 Nc3 46. Bf3 Nd5+ 47. Ke4 Ne7 48. Bd1 Kb4 49. Kd4 Ng6 50.
Ke4 Kc3 51. Kf5 Kd2 52. Ba4 Nh4+ 53. Kxf6 Nf3 54. Kf5 c3 0-1

[Event "ch-ISL"]
[Site "Seltjarnarnes ISL"]
[Date "2002.08.25"]
[Round "6"]
[White "Thorsteinsson,T"]
[Black "Bjornsson,S"]
[Result "0-1"]
[WhiteElo "2332"]
[BlackElo "2357"]
[EventDate "2002.08.20"]

1. d4 Nf6 2. c4 g6 3. Nc3 Bg7 4. e4 d6 5. f3 O-O 6. Bg5 c5 7. d5 a6 8. a4
h6 9. Be3 e6 10. Qd2 exd5 11. cxd5 Re8 12. Nge2 Nbd7 13. Nd1 Ne5 14. Nec3
Nh7 15. Be2 f5 16. O-O Nf7 17. Nf2 g5 18. exf5 Bxf5 19. Rae1 Nf6 20. Bd3
Bxd3 21. Qxd3 Ne5 22. Qf5 Qc8 23. Qc2 Qd7 24. Nfe4 Nxe4 25. Nxe4 Rf8 26.
Bd2 b5 27. Kh1 Rae8 28. b3 b4 29. f4 gxf4 30. Bxf4 Qf5 31. Qb1 Qg6 32. Bg3
Kh8 33. Rxf8+ Rxf8 34. Nf2 Qxb1 35. Rxb1 a5 36. Ne4 c4 37. Bxe5 Bxe5 38.
bxc4 b3 39. g3 b2 40. c5 dxc5 41. Nxc5 Rc8 42. Nd3 Rc3 43. Nxb2 Rb3 44. d6
Rxb2 45. Rd1 Rb8 46. Rd5 Bc3 47. g4 Rd8 48. d7 Kg7 49. h4 Bb4 50. Kg2 Kf7
51. Rh5 Rxd7 52. Rxh6 Rd4 53. g5 Bf8 54. Rf6+ Kg7 55. Ra6 Rxa4 56. Kh3 Ra1
57. h5 a4 58. h6+ Kg8 59. Ra8 a3 60. g6 Rh1+ 61. Kg4 Rxh6 62. Kg5 Rh2 0-1

[Event "ch-ISL"]
[Site "Seltjarnarnes ISL"]
[Date "2002.08.26"]
[Round "7"]
[White "Gunnarsson,J"]
[Black "Thorfinnsson,Br"]
[Result "1/2-1/2"]
[WhiteElo "2357"]
[BlackElo "2362"]
[EventDate "2002.08.20"]

1. e4 e5 2. Nf3 Nf6 3. Nxe5 d6 4. Nf3 Nxe4 5. d4 d5 6. Bd3 Nc6 7. O-O Be7
8. c4 Nb4 9. Be2 Be6 10. Nc3 Nxc3 11. bxc3 Nc6 12. cxd5 Bxd5 13. c4 Bxf3
14. Bxf3 O-O 15. Bxc6 bxc6 16. Rb1 Qd7 17. Be3 f5 18. f3 Bf6 19. Qd3 Rad8
20. Rfd1 Rfe8 21. Bf2 Re6 22. Qa3 Rd6 23. Qxa7 Rxd4 24. Rxd4 Bxd4 25. Qxd4
Qxd4 26. Bxd4 1/2-1/2

[Event "ch-ISL"]
[Site "Seltjarnarnes ISL"]
[Date "2002.08.26"]
[Round "7"]
[White "Gretarsson,H"]
[Black "Bjarnason,S"]
[Result "1-0"]
[WhiteElo "2505"]
[BlackElo "2264"]
[EventDate "2002.08.20"]

1. d4 Nf6 2. c4 g6 3. Nc3 Bg7 4. e4 d6 5. f4 O-O 6. Nf3 c5 7. dxc5 Qa5 8.
Bd3 Qxc5 9. Qe2 Nc6 10. Be3 Qa5 11. O-O Be6 12. a3 Rfc8 13. b4 Qd8 14. Rac1
Ng4 15. Bd2 a5 16. b5 Nd4 17. Nxd4 Bxd4+ 18. Kh1 Nf6 19. Na4 b6 20. h3 Rab8
21. Bb1 Nh5 22. Kh2 Qc7 23. g4 Nf6 24. Qd3 Bc5 25. f5 d5+ 26. Bf4 Bd6 27.
Bxd6 Qxd6+ 28. Qg3 Qxg3+ 29. Kxg3 gxf5 30. exd5 Bd7 31. gxf5 Kh8 32. Bd3
Rg8+ 33. Kh2 Rg5 34. Rce1 Rbg8 35. Rg1 Bxf5 36. Rxg5 Rxg5 37. Bxf5 Rxf5 38.
Rxe7 Rf3 39. Nxb6 1-0

[Event "ch-ISL"]
[Site "Seltjarnarnes ISL"]
[Date "2002.08.26"]
[Round "7"]
[White "Kristjansson,S"]
[Black "Stefansson,H"]
[Result "0-1"]
[WhiteElo "2428"]
[BlackElo "2588"]
[EventDate "2002.08.20"]

1. e4 c5 2. Nf3 Nc6 3. Bb5 e6 4. O-O Nge7 5. Re1 Nd4 6. Bf1 Nec6 7. c3
Nxf3+ 8. Qxf3 Be7 9. Qg3 O-O 10. d4 cxd4 11. Bh6 Bf6 12. e5 Nxe5 13. Bxg7
Bxg7 14. Rxe5 f5 15. cxd4 Qb6 16. Rb5 Qxd4 17. Nc3 d5 18. Ne2 f4 19. Qf3
Qe5 20. Rb4 Bh6 21. Rd1 b6 22. Rdd4 Ba6 23. Nxf4 Qe1 24. Qg4+ Bg7 25. Qxe6+
Qxe6 26. Nxe6 Bxd4 27. Rxd4 Rfe8 28. Nc7 Re1 29. Nxa6 Rc8 30. Rxd5 Rcc1 31.
g4 Rxf1+ 32. Kg2 Rg1+ 33. Kf3 Rc2 34. Rg5+ Kf7 35. Rf5+ Ke6 36. b3 Rc3+ 37.
Kf4 Rg2 38. f3 Rxa2 39. Nb4 Rxh2 40. Re5+ Kd7 41. Rd5+ Kc8 42. Rf5 Rxb3 43.
Nd5 a5 44. Ke5 a4 0-1

[Event "ch-ISL"]
[Site "Seltjarnarnes ISL"]
[Date "2002.08.26"]
[Round "7"]
[White "Thorfinnsson,Bj"]
[Black "Gunnarsson,Arn"]
[Result "0-1"]
[WhiteElo "2314"]
[BlackElo "2282"]
[EventDate "2002.08.20"]

1. d4 e6 2. Nf3 b6 3. g3 Bb7 4. Bg2 Nf6 5. O-O c5 6. c3 Be7 7. Nbd2 O-O 8.
Re1 d6 9. e4 cxd4 10. Nxd4 Qc7 11. N2b3 a6 12. Qc2 Nbd7 13. Be3 d5 14. Bf4
Bd6 15. Bxd6 Qxd6 16. exd5 Bxd5 17. Rad1 Bxg2 18. Kxg2 Qc7 19. Qe2 b5 20.
Nc1 Nd5 21. f3 Rfe8 22. Nd3 Rad8 23. Rd2 N7b6 24. Nf2 Nc4 25. Rd3 Qb6 26.
Ng4 b4 27. Nb3 h5 28. Nf2 bxc3 29. bxc3 a5 30. Rd4 Nce3+ 31. Kh1 a4 32. Nd2
Nc2 33. Rh4 Nxc3 34. Qe5 Qxf2 35. Rf1 Qxd2 36. Qxh5 Qh6 37. Qc5 Qf6 38. Rf4
Rc8 0-1

[Event "ch-ISL"]
[Site "Seltjarnarnes ISL"]
[Date "2002.08.26"]
[Round "7"]
[White "Vidarsson,J"]
[Black "Thorsteinsson,T"]
[Result "1-0"]
[WhiteElo "2378"]
[BlackElo "2332"]
[EventDate "2002.08.20"]

1. e4 e6 2. d4 d5 3. Nc3 dxe4 4. Nxe4 Nf6 5. Nxf6+ Qxf6 6. Nf3 h6 7. Bd3
Nc6 8. O-O Bd7 9. Be4 O-O-O 10. Be3 Kb8 11. c4 g5 12. d5 exd5 13. cxd5 Bf5
14. Qa4 Bxe4 15. dxc6 Bxc6 16. Qxa7+ Kc8 17. Bd4 Rxd4 18. Nxd4 Bd5 19. Rac1
Bd6 20. Nb5 Rd8 21. Nxd6+ Rxd6 22. Rfe1 Re6 23. Rxe6 fxe6 24. Qa8+ Kd7 25.
Qa4+ c6 26. Qb4 Kc8 27. a3 h5 28. h3 Qf5 29. Re1 g4 30. hxg4 hxg4 31. Qc3
Qg6 32. b4 b5 33. Qh8+ Kb7 34. Qe5 Ka6 35. Ra1 Qc2 36. Qe3 Qb2 37. Re1 Qc2
38. Rc1 Qb2 39. Re1 Qc2 40. Qe5 Qd2 41. Qe3 Qb2 42. Kh2 Qh8+ 43. Kg3 Qh7
44. Qd4 Qe7 45. Qf4 Qh7 46. Rd1 Qh8 47. Qxg4 Qe5+ 48. f4 Qc3+ 49. Kh2 Qc2
50. Re1 Qf2 51. Re5 Qd2 52. Qg3 Qc2 53. Rh5 Qe4 54. Rh8 Qd4 55. Rf8 1-0

[Event "ch-ISL"]
[Site "Seltjarnarnes ISL"]
[Date "2002.08.26"]
[Round "7"]
[White "Bjornsson,S"]
[Black "Thorarinsson,P"]
[Result "0-1"]
[WhiteElo "2357"]
[BlackElo "2281"]
[EventDate "2002.08.20"]

1. e4 d6 2. d4 Nf6 3. Nc3 g6 4. Be3 c6 5. Qd2 b5 6. Bd3 Nbd7 7. Nf3 e5 8.
O-O Bb7 9. Ne2 Bg7 10. dxe5 dxe5 11. h3 Qe7 12. Ng3 O-O 13. a4 a6 14. c4 b4
15. c5 a5 16. Rac1 Rfd8 17. Rfd1 Ne8 18. Bc4 Nf8 19. Qc2 h6 20. Qb3 Rxd1+
21. Rxd1 Ba6 22. Nd2 Bxc4 23. Nxc4 Ne6 24. Nb6 Rd8 25. Rxd8 Qxd8 26. Qc4
N8c7 27. Nf1 Qd1 28. Kh2 Bf8 29. Nd2 Bxc5 30. Bxc5 Qxd2 31. b3 Qc3 32. Be3
Nd4 33. Bxh6 Nxb3 34. Qe2 Qc5 35. Nc8 Ne8 36. Qf3 Nd4 37. Qg3 Nf6 38. Qh4
Nh5 39. Qd8+ Kh7 40. Be3 Ne6 41. Qd7 Qf8 42. Nd6 Nf6 43. Qxc6 b3 44. Bc1
Nd4 45. Qc7 Ne8 46. Nxe8 Qxe8 47. Qxa5 Qc6 48. Bb2 Qc2 49. Qc3 Qxf2 50. h4
Qxh4+ 51. Qh3 Qxh3+ 52. Kxh3 Nc6 53. Kg4 f6 54. Kf3 Na5 55. Ke2 Nc4 56. Bc3
b2 57. Bxb2 Nxb2 58. a5 Nc4 59. a6 Kg7 60. Kd3 Nb6 61. Kc3 Kf7 62. g4 Ke6
63. Kb4 Kd6 64. a7 Kc6 65. Ka5 Na8 66. Kb4 Nc7 67. Kc4 Kb7 68. Kc5 Ne6+ 69.
Kd6 Ng5 0-1

[Event "ch-ISL"]
[Site "Seltjarnarnes ISL"]
[Date "2002.08.27"]
[Round "8"]
[White "Thorsteinsson,T"]
[Black "Thorfinnsson,Bj"]
[Result "1/2-1/2"]
[WhiteElo "2332"]
[BlackElo "2314"]
[EventDate "2002.08.20"]

1. e4 e5 2. Nf3 Nc6 3. Bb5 a6 4. Bxc6 dxc6 5. O-O Qd6 6. d4 exd4 7. Nxd4 c5
8. Nb3 Be6 9. Nc3 O-O-O 10. Be3 Qc6 11. Qe2 Nf6 12. f3 Be7 13. Qf2 b6 14.
a4 Bxb3 15. cxb3 Rd3 16. Rfd1 Rhd8 17. Rxd3 Rxd3 18. Rd1 Rxd1+ 19. Nxd1 Nd7
20. Nc3 Qe6 21. Qc2 c6 22. Ne2 Kb7 23. Nf4 Qd6 24. Nd3 Bf6 25. Qc4 Bd4 26.
Kf2 b5 27. Qxf7 Bxe3+ 28. Kxe3 Qd4+ 29. Ke2 Kb6 30. Qe7 Kc7 31. b4 c4 32.
Nc5 Qxb2+ 33. Kf1 Qa1+ 34. Ke2 Qb2+ 35. Ke3 Qc1+ 36. Ke2 Qc2+ 37. Ke1 Qc1+
38. Ke2 1/2-1/2

[Event "ch-ISL"]
[Site "Seltjarnarnes ISL"]
[Date "2002.08.27"]
[Round "8"]
[White "Stefansson,H"]
[Black "Gunnarsson,J"]
[Result "1-0"]
[WhiteElo "2588"]
[BlackElo "2357"]
[EventDate "2002.08.20"]

1. c4 Nf6 2. Nc3 c5 3. Nf3 Nc6 4. d4 cxd4 5. Nxd4 g6 6. e4 d6 7. Be2 Bg7 8.
Be3 O-O 9. O-O Nxd4 10. Bxd4 Be6 11. f4 Qa5 12. Kh1 Rac8 13. b3 a6 14. Qe1
Rfe8 15. Rd1 Bd7 16. b4 Qd8 17. c5 Bc6 18. e5 Nd5 19. Nxd5 dxc5 20. Nxe7+
Qxe7 21. Bxc5 Qe6 22. Qd2 f6 23. Qc2 b5 24. Rd6 Qf7 25. Qd2 fxe5 26. fxe5
Qb7 27. Bg4 Rc7 28. Be6+ Kh8 29. Bd5 Bxd5 30. Rxd5 Qc6 31. Bd6 Qc4 32. Kg1
Rcc8 33. Re1 Qg4 34. h3 Qe6 35. a3 Kg8 36. Rd1 Qf5 37. Qe3 Re6 38. Rf1 Qc2
39. Qa7 Kh8 40. Qxa6 Rce8 41. Qxb5 1-0

[Event "ch-ISL"]
[Site "Seltjarnarnes ISL"]
[Date "2002.08.27"]
[Round "8"]
[White "Thorarinsson,P"]
[Black "Bjarnason,S"]
[Result "0-1"]
[WhiteElo "2281"]
[BlackElo "2264"]
[EventDate "2002.08.20"]

1. e4 c5 2. Nf3 e6 3. d3 d5 4. Nbd2 Nc6 5. g3 Nf6 6. Bg2 Be7 7. O-O O-O 8.
e5 Ne8 9. Re1 f5 10. exf6 Bxf6 11. Nf1 e5 12. Ne3 Nc7 13. c4 Be6 14. cxd5
Nxd5 15. Nc4 Qc7 16. Qe2 Rae8 17. Nfxe5 Nxe5 18. Nxe5 Bxe5 19. Qxe5 Bf7 20.
Qxe8 Rxe8 21. Rxe8+ Bxe8 22. Bxd5+ Bf7 23. Bf4 Qb6 24. Be4 Qxb2 25. Rc1 b6
26. a4 Qa2 27. a5 Qxa5 28. Be5 c4 29. Bd4 Qb4 30. Be5 Be6 31. dxc4 Bxc4 32.
Rd1 Bb3 33. Rd4 Qe1+ 34. Kg2 b5 35. f3 Qe2+ 36. Kh3 Be6+ 37. g4 h5 38. Bg6
Bd5 39. Bg3 hxg4+ 40. Kh4 Qxf3 41. Rf4 Qg2 42. Kxg4 a5 43. Bf5 Qe2+ 44. Kh4
Qe7+ 45. Kh5 Bf7+ 46. Kg4 Be6 47. h4 b4 48. Re4 Bxf5+ 49. Kxf5 Qf6+ 50. Kg4
Qb6 51. Be5 a4 52. Kf5 a3 53. Rg4 Qb7 54. h5 Qd7+ 55. Kf4 Qxg4+ 56. Kxg4 b3
0-1

[Event "ch-ISL"]
[Site "Seltjarnarnes ISL"]
[Date "2002.08.27"]
[Round "8"]
[White "Thorfinnsson,Br"]
[Black "Gretarsson,H"]
[Result "1-0"]
[WhiteElo "2362"]
[BlackElo "2505"]
[EventDate "2002.08.20"]

1. d4 d5 2. Nf3 c6 3. c4 dxc4 4. e4 b5 5. a4 e6 6. b3 Bb4+ 7. Bd2 Bxd2+ 8.
Qxd2 cxb3 9. axb5 Nf6 10. Nc3 O-O 11. Bd3 e5 12. dxe5 Nfd7 13. Bc4 Qe7 14.
O-O Nxe5 15. Nxe5 Qxe5 16. Bxb3 Bb7 17. f4 Qc5+ 18. Kh1 cxb5 19. f5 Nc6 20.
f6 Rfd8 21. Nd5 g6 22. Qg5 Kh8 23. Rac1 Qf8 24. Rcd1 Na5 25. Ba2 Nc4 26.
Ne7 Rxd1 27. Rxd1 Rd8 28. Re1 a6 29. h4 Rd4 30. Qc5 Qd8 31. Bxc4 Rxc4 32.
Qg5 Qf8 33. Rd1 Bxe4 34. Qh6 Bxg2+ 35. Kg1 Rc8 36. Nxc8 Qc5+ 37. Kxg2 Qc2+
38. Rd2 Qc6+ 39. Kg1 Qc1+ 40. Kf2 Qc5+ 41. Ke2 Qe5+ 42. Kd1 Qa1+ 43. Ke2
Qe5+ 44. Qe3 Qxf6 45. Nd6 a5 46. Qd4 1-0

[Event "ch-ISL"]
[Site "Seltjarnarnes ISL"]
[Date "2002.08.27"]
[Round "8"]
[White "Gunnarsson,Arn"]
[Black "Kristjansson,S"]
[Result "1/2-1/2"]
[WhiteElo "2282"]
[BlackElo "2428"]
[EventDate "2002.08.20"]

1. d4 e6 2. c4 Nf6 3. Nf3 b6 4. g3 Ba6 5. b3 Bb7 6. Bg2 Bb4+ 7. Bd2 a5 8.
O-O O-O 9. Qc2 d6 10. Rd1 Nbd7 11. Qb2 Bxd2 12. Nbxd2 Qe7 13. Nf1 Rfb8 14.
Ne3 Be4 15. d5 e5 16. a4 Bxf3 17. exf3 Nc5 18. Nf5 Qf8 19. Bf1 g6 20. Nh4
Qg7 21. Bd3 Re8 22. Bc2 Nfd7 23. Ng2 Na6 24. Re1 Nb4 25. Re3 f5 26. Rae1
Re7 27. Bb1 Rae8 28. Nf4 Nc5 29. Ne2 Qf7 30. Nc1 f4 31. Rc3 Qf6 32. Qd2 Kg7
33. Kg2 Qg5 34. Be4 Nba6 35. Qe2 Rf8 36. Rf1 Ref7 37. Bc2 Nb8 38. Rh1 Qh6
39. h4 fxg3 40. fxg3 Nbd7 41. Qe3 Qxe3 42. Rxe3 Nf6 43. Ne2 h6 44. Bb1 Nh5
45. Bc2 Nf6 46. Bb1 Nh5 1/2-1/2

[Event "ch-ISL"]
[Site "Seltjarnarnes ISL"]
[Date "2002.08.27"]
[Round "8"]
[White "Bjornsson,S"]
[Black "Vidarsson,J"]
[Result "1/2-1/2"]
[WhiteElo "2357"]
[BlackElo "2378"]
[EventDate "2002.08.20"]

1. e4 c5 2. Nf3 e6 3. d4 cxd4 4. Nxd4 a6 5. c4 Qh4 6. Bd3 Nc6 7. Nxc6 bxc6
8. Qe2 e5 9. O-O Nf6 10. Qe3 Ng4 11. Qg3 Qxg3 12. hxg3 Bc5 13. Nc3 d6 14.
Rb1 Be6 15. b4 Ba7 16. a4 O-O 17. Ba3 Rfd8 18. Be2 h5 19. Rbc1 Bd4 20. Nb1
c5 21. Nd2 cxb4 22. Bxb4 Rab8 23. Ba3 Bc5 24. Rc3 Nf6 25. Rd1 Bd7 26. a5
Ba4 27. Rdc1 Bd4 28. Rd3 Bc6 29. Bf3 g5 30. Nb3 Rxb3 31. Rxb3 g4 32. Be2
Nxe4 33. Kh2 Bxf2 34. Rcb1 Kg7 35. Rb8 Bxg3+ 36. Kg1 Rd7 37. Bd3 Bf2+ 38.
Kh2 g3+ 39. Kh3 Ba7 40. R8b3 Nf2+ 41. Kh4 Nxd3 42. Rxd3 Be4 43. Rxg3+ Bg6
44. Rd1 Bf2 45. Bxd6 Kh7 46. Rd5 f6 47. c5 Rg7 48. Bf8 Rf7 49. Bd6 Be4 50.
Rd2 Be1 51. Re2 Bxg3+ 52. Kxg3 Rg7+ 53. Kh2 Bc6 54. Rb2 Rg4 55. Be7 f5 56.
Bd6 Rc4 57. Rb6 Be4 58. Rxa6 Rc2 59. Ra7+ Kg6 60. Bxe5 Rxg2+ 61. Kh3 Rc2
62. Rg7+ Kh6 63. Rc7 Kg5 64. Rg7+ Kh6 65. Rc7 1/2-1/2

[Event "ch-ISL"]
[Site "Seltjarnarnes ISL"]
[Date "2002.08.28"]
[Round "9"]
[White "Thorfinnsson,Bj"]
[Black "Bjornsson,S"]
[Result "1-0"]
[WhiteElo "2314"]
[BlackElo "2357"]
[EventDate "2002.08.20"]

1. d4 Nf6 2. Bg5 e6 3. e4 h6 4. Bxf6 Qxf6 5. Nf3 d5 6. Nbd2 c6 7. Bd3 Nd7
8. Qe2 dxe4 9. Nxe4 Qf4 10. g3 Qc7 11. O-O-O b6 12. Bc4 Be7 13. Kb1 Bb7 14.
Ne5 Nxe5 15. dxe5 Qxe5 16. f4 Qa5 17. Bxe6 O-O 18. Bb3 Rad8 19. Rxd8 Rxd8
20. Ng5 Bxg5 21. fxg5 Qxg5 22. Rf1 Rf8 23. Rxf7 Rxf7 24. Qe8+ Kh7 25. Bxf7
1-0

[Event "ch-ISL"]
[Site "Seltjarnarnes ISL"]
[Date "2002.08.28"]
[Round "9"]
[White "Bjarnason,S"]
[Black "Thorfinnsson,Br"]
[Result "0-1"]
[WhiteElo "2264"]
[BlackElo "2362"]
[EventDate "2002.08.20"]

1. d4 Nf6 2. c4 e6 3. g3 c5 4. d5 exd5 5. cxd5 d6 6. Nc3 g6 7. Bg2 Bg7 8.
Nf3 O-O 9. O-O Bg4 10. Nd2 Qd7 11. f3 Bh3 12. Bxh3 Qxh3 13. Nc4 Ne8 14. Ne4
Na6 15. Bf4 Qd7 16. a4 Rd8 17. Nexd6 Nxd6 18. Bxd6 Rfe8 19. Qd2 Bd4+ 20.
Kh1 Nb4 21. e4 f5 22. Rfe1 Qf7 23. Bf4 fxe4 24. fxe4 Nxd5 25. Nd6 Rxd6 26.
Bxd6 Nf6 27. Qf4 Qe6 28. Re2 Nh5 29. Qf3 Qxd6 30. Qb3+ Qe6 31. Qxb7 Re7 32.
Qb8+ Kg7 33. Rf1 Nf6 34. Kg2 Qc4 35. Rfe1 Be5 36. Qb5 Qxb5 37. axb5 Rb7 38.
Ra1 Nd7 39. Ra6 Bd4 40. Rd2 Ne5 41. b3 Kh6 42. Rda2 Rxb5 43. Rxa7 Rxb3 44.
Rc7 Ng4 45. h4 Be5 46. Rxc5 Rxg3+ 47. Kf1 Bd4 48. Rca5 Rf3+ 49. Kg2 Re3 50.
R5a4 Be5 0-1

[Event "ch-ISL"]
[Site "Seltjarnarnes ISL"]
[Date "2002.08.28"]
[Round "9"]
[White "Gunnarsson,J"]
[Black "Gunnarsson,Arn"]
[Result "1/2-1/2"]
[WhiteElo "2357"]
[BlackElo "2282"]
[EventDate "2002.08.20"]

1. e4 e6 2. d4 b6 3. c4 Bb7 4. Nc3 Bb4 5. Qc2 Qh4 6. d5 f5 7. exf5 exd5 8.
cxd5 Qe7+ 9. Be3 Nf6 10. O-O-O Bxc3 11. bxc3 Bxd5 12. Bd4 Be4 13. Qb3 Bxf5
14. Nf3 Be6 15. Bc4 O-O 16. Bxe6+ Qxe6 17. Qxe6+ dxe6 18. Rhe1 1/2-1/2

[Event "ch-ISL"]
[Site "Seltjarnarnes ISL"]
[Date "2002.08.28"]
[Round "9"]
[White "Gretarsson,H"]
[Black "Stefansson,H"]
[Result "1-0"]
[WhiteElo "2505"]
[BlackElo "2588"]
[EventDate "2002.08.20"]

1. d4 Nf6 2. c4 e6 3. Nf3 b6 4. a3 c5 5. d5 Ba6 6. e3 exd5 7. cxd5 Bxf1 8.
Kxf1 g6 9. Nc3 Bg7 10. g3 O-O 11. Kg2 d6 12. e4 b5 13. Bg5 Nbd7 14. Nxb5
Qb6 15. Nc3 Qxb2 16. Bd2 Qb7 17. Qc2 Ng4 18. Rab1 Qa6 19. Nb5 Rab8 20. a4
Rfc8 21. Rhc1 c4 22. h3 Nge5 23. Nxe5 Nxe5 24. Nc7 Rxb1 25. Nxa6 Rxc1 26.
Bxc1 Nd3 27. Bd2 Bd4 28. Nb4 1-0

[Event "ch-ISL"]
[Site "Seltjarnarnes ISL"]
[Date "2002.08.28"]
[Round "9"]
[White "Vidarsson,J"]
[Black "Thorarinsson,P"]
[Result "1-0"]
[WhiteElo "2378"]
[BlackElo "2281"]
[EventDate "2002.08.20"]

1. e4 e6 2. d4 d5 3. e5 c5 4. c3 Qb6 5. Nf3 Bd7 6. Be2 cxd4 7. cxd4 Bb5 8.
O-O Bxe2 9. Qxe2 Ne7 10. Nc3 Nec6 11. Be3 Nd7 12. Rad1 Be7 13. Ne1 O-O 14.
Nd3 Bb4 15. Qg4 Ne7 16. Bg5 Bxc3 17. Bxe7 Bxd4 18. Bxf8 Rxf8 19. Qe2 Qa6
20. Rd2 Bb6 21. b3 Qa3 22. Kh1 Nc5 23. Nxc5 Qxc5 24. Rc2 Qd4 25. g3 f6 26.
exf6 Qxf6 27. Kg2 e5 28. f3 d4 29. Qe4 Qd6 30. Qxb7 d3 31. Qc6 Qxc6 32.
Rxc6 Rd8 33. Rd1 Kf7 34. Rc3 d2 35. Kf1 e4 36. fxe4 Rd4 1-0

[Event "ch-ISL"]
[Site "Seltjarnarnes ISL"]
[Date "2002.08.28"]
[Round "9"]
[White "Kristjansson,S"]
[Black "Thorsteinsson,T"]
[Result "1-0"]
[WhiteElo "2428"]
[BlackElo "2332"]
[EventDate "2002.08.20"]

1. e4 c5 2. Nf3 d6 3. d4 cxd4 4. Nxd4 Nf6 5. Nc3 g6 6. Be3 Bg7 7. f3 O-O 8.
Qd2 Nc6 9. O-O-O d5 10. exd5 Nxd5 11. Nxc6 bxc6 12. Nxd5 cxd5 13. Qxd5 Qc7
14. Qc5 Qb7 15. Qa3 Rb8 16. b3 Bf5 17. Bd3 Rfc8 18. Bxf5 gxf5 19. Rd3 Qc6
20. c4 Qg6 21. Rhd1 Qxg2 22. Bd4 Bxd4 23. Rxd4 Qxf3 24. R4d3 Qf4+ 25. Kb1
Qe4 26. Qxa7 Rd8 27. Kc1 Rdc8 28. Qf2 Qe5 29. Qg3+ Qxg3 30. hxg3 Kg7 31.
Kc2 Kf6 32. Kc3 e5 33. b4 h5 34. c5 h4 35. Rd6+ Kg5 36. gxh4+ Kxh4 37. Rg1
Rh8 38. c6 f4 39. Rf6 Kh3 40. c7 Rbc8 41. Rxf7 Kh2 42. Rg5 Rcf8 43. Rxf8
Rxf8 44. Rxe5 f3 45. Rf5 Rxf5 46. c8=Q Rg5 47. Kd2 Kg1 48. Qc1+ Kf2 49.
Qe1+ Kg2 50. Qe4 Rg3 51. Ke3 Rh3 1-0

[Event "ch-ISL"]
[Site "Seltjarnarnes ISL"]
[Date "2002.08.29"]
[Round "10"]
[White "Gunnarsson,Arn"]
[Black "Gretarsson,H"]
[Result "1/2-1/2"]
[WhiteElo "2282"]
[BlackElo "2505"]
[EventDate "2002.08.20"]

1. e4 d6 2. Bc4 Nf6 3. Qe2 g6 4. Nf3 Bg7 5. c3 e5 6. O-O O-O 7. Rd1 c6 8.
Bb3 Qe7 9. d3 Nbd7 10. Be3 h6 11. Nbd2 Re8 12. Bc2 d5 13. b4 Ng4 14. Bb3
Nxe3 15. Qxe3 Nf6 16. h3 a5 17. a3 Be6 18. Re1 Nd7 19. d4 dxe4 20. Bxe6
Qxe6 21. Qxe4 axb4 22. axb4 Rxa1 23. Rxa1 exd4 24. Qxe6 Rxe6 25. cxd4 Nb6
26. Ra7 Re7 27. Nb3 Nd5 28. Na5 Nxb4 29. Rxb7 Rxb7 30. Nxb7 Nc2 31. Na5
Nxd4 32. Nxd4 Bxd4 33. Nxc6 Bc5 1/2-1/2

[Event "ch-ISL"]
[Site "Seltjarnarnes ISL"]
[Date "2002.08.29"]
[Round "10"]
[White "Thorarinsson,P"]
[Black "Thorfinnsson,Br"]
[Result "1/2-1/2"]
[WhiteElo "2281"]
[BlackElo "2362"]
[EventDate "2002.08.20"]

1. c4 Nf6 2. Nf3 c5 3. g3 g6 4. Bg2 d5 5. cxd5 Nxd5 6. d4 Bg7 7. dxc5 O-O
8. O-O Na6 9. c6 bxc6 10. Nbd2 Rb8 11. Nc4 h6 12. Nfe5 Bb7 13. e4 Nf6 14.
Qxd8 Rfxd8 15. Na5 Rdc8 16. Nxb7 Rxb7 17. Nxc6 Rbc7 18. e5 Ne8 19. Na5 Nb4
20. f4 f6 21. Bd2 Nc2 22. Rad1 Nd4 23. Bh3 Rb8 24. Be3 Nc2 25. Bf2 fxe5 26.
fxe5 Bxe5 27. b3 Nd6 28. Be6+ Kg7 29. Nc4 Nxc4 30. Bxc4 Na3 31. Bd3 Nb5 32.
Bxb5 Rxb5 33. Rfe1 1/2-1/2